000 01737cam a22004214i 4500
003 PE-LiUPU
005 20250731175626.0
008 181220s2018 xxua rb 001 0 eng
020 _a0897571088
020 _a9780897571081
035 _a(Sirsi) a251114
049 _aPRUA
082 0 4 _a499.95
_bS84
_223
100 1 _aStudevent-Hickman, Benjamin,
_d1969-,
_eautor.
245 1 0 _aSumerian texts from Ancient Iraq :
_bfrom Ur III to 9/11 /
_cBenjamin Studevent-Hickman.
264 1 _a[Atlanta] :
_bLockwood Press,
_c2018.
300 _axiii, 241 páginas :
_bilustraciones ;
_c29 centímetros
336 _atext
_2rdacontent
337 _aunmediated
_2rdamedia
338 _avolume
_2rdacarrier
504 _aBibliografía: páginas 219-222.
504 _aÍndice: páginas 223-241.
505 0 _aIntroduction: provenance, provenience, and basic content -- Agricultural management in the archive -- Additional data of note from the archive: the mayor and the men of simanum -- Conclusion: historical context and the question of provenience revisited -- Catalog of the tablets -- The aradmu texts in transliteration and translation.
526 _aP145
526 _aP127
526 _aP97
526 _aP35
526 _aP14
526 _aP07
650 4 _aLengua sumeria
_vTextos.
650 4 _aComercio.
910 _adbm
_brri
_crri
_d20181220
942 _2ddc
_cBOOK
994 _aC0
_bPEPRU
596 _a1
999 _a499.95 S84
_wDEWEY
_c30564
_i79375
_f2021-11-11
_g4
_lCCODEBUL1
_mBUL
_p68.00
_r0
_sY
_tBOOK
_u2018-12-20
_xTEOLOGIA
_PP85
_0COMPRA
_1FCOMPR2
_o.STAFF. Colección Teología
_d30564
980 _81
_gALBERTO SANCHEZ Responsable de Automatización